| 000 -NÁVESTIE |
| fixed length control field |
00741nam a2200229 a 4500 |
| 008 - ÚDAJE S PEVNOU DĹŽKOU – VŠEOBECNÉ INFORMÁCIE |
| fixed length control field |
951212s1980||||CS 0 slo c |
| 020 ## - MEDZINÁRODNÉ ŠTANDARDNÉ ČÍSLO KNIHY (ISBN) |
| Údaje o dostupnosti |
15 Kčs. |
| Qualifying information |
(8000 výtl.) |
| 040 ## - ZDROJ KATALOGIZÁCIE |
| Pôvodná katalogizujúca agentúra |
SNK |
| Jazyk katalogizácie |
slo |
| Prepisujúca agentúra |
SNK |
| Konvencie popisu |
AACR2 |
| 044 ## - KÓD KRAJINY VYDAVATEĽA/PRODUCENTA |
| Kód krajiny MARC |
xo |
| Kód krajiny ISO |
SK |
| 080 ## - ČÍSLO MEDZINÁRODNÉHO DESATINNÉHO TRIEDENIA (MDT) |
| Číslo Medzinárodného desatinného triedenia (MDT) |
895.6-3 |
| 100 1# - OSOBNÉ MENÁ – VŠEOBECNÉ INFORMÁCIE |
| Osobné meno |
Endó, Šúsaku |
| 245 10 - NÁZOV |
| Názov |
More a jed |
| Zvyšok názvu |
Próza |
| Údaj o zodpovednosti atď. |
Šúsaku Endó ; Augustín Jurák, Viktor Krupa, Vladislav Rostoka |
| 250 ## - ÚDAJ O PORADÍ VYDANIA |
| Údaj o poradí vydania |
1., vyd. |
| 260 ## - VYDAVATEĽSKÉ ÚDAJE, DISTRIBÚCIA ATĎ. |
| Miesto publikovania, distribúcie atď. |
Bratislava |
| Názov vydavateľa, distibútora atď. |
Slovenský spisovateľ |
| Dátum publikovania, distribúcie atď. |
1980 |
| Miesto výroby |
Trnava |
| Výrobca |
Polygrafické závody |
| 300 ## - FYZICKÝ POPIS |
| Rozsah |
175 s., 7,39 AH |
| Rozmery |
20 cm |
| 490 0# - EDÍCIA |
| Edícia |
Malá edícia svetových autorov |
| Zväzok/sekvenčné označenie |
Zv. 3. |
| 500 ## - VŠEOBECNÁ POZNÁMKA |
| Formátovaná poznámka o obsahu |
Brož. 11 Kčs. |
| 700 1# - PRIDANÝ VSTUP – OSOBNÉ MENO |
| Osobné meno |
Jurák, Augustín |
| Kód roly |
prk |
| 700 1# - PRIDANÝ VSTUP – OSOBNÉ MENO |
| Osobné meno |
Krupa, Viktor |
| Kód roly |
[ADC] |
| 700 1# - PRIDANÝ VSTUP – OSOBNÉ MENO |
| Osobné meno |
Rostoka, Vladislav |
| Kód roly |
gup |
| 958 ## - Formálny deskriptor |
| Formálny deskriptor |
A |